=LDR 00000nam 2200000 4500 =001 NUTBA000000000003892 =005 20141211104831.0 =006 =007 =008 =020 ##$$a 978-979-27-7989-9 =035 ##$$0010-081400000000737 =040 ##$$a NBPDMAT =082 ##$$a 813.01 =090 ##$$a 813.014bAgu s =100 ##$$a agung, A.M. lilik =245 ##$$a Starbucks coffe, suatu senja 9Kumpulan cerper0$cA.M. lilik Agung =260 ##$$a jakarta$bGramedia$c2010 =300 ##$$a xi,136 hlm.$bilus$c20 cm. =650 ##$$a fiksi indonesia$xCerita Pendek =850 ##$$a NBPNMAT =990 ##$$a 21110282 =990 ##$$a 0001/BPAP-NTB/20142014 =990 ##$$a 0001/BPAP-NTB/20142014 =990 ##$$a 2090100993/BPAP-NTB/2015